Statistics for Phoebe Bridgers - Moon Song (Lyrics)

Click here to take the quiz!

General Stats

  • This quiz has been taken 564 times
  • The average score is 162 of 183

Answer Stats

Answer% Correct
a
100%
I
100%
You
100%
you
100%
and
99%
And
99%
me
99%
the
99%
But
98%
In
98%
in
98%
your
98%
could
96%
Like
96%
like
96%
to
96%
Who
96%
bird
94%
so
94%
So
94%
you're
94%
at
93%
be
92%
home
92%
of
92%
walk
92%
When
92%
carry
91%
dog
91%
door
91%
had
91%
moon
91%
asked
90%
can't
90%
give
90%
my
90%
what
90%
with
90%
for
89%
sick
89%
married
88%
now
88%
would
88%
hands
87%
if
87%
are
86%
bottom
86%
couldn't
86%
dying
86%
feet
86%
holding
86%
it
86%
might
86%
somebody
86%
water
86%
down
85%
have
85%
more
85%
throat
85%
wait
85%
loves
84%
Stuck
84%
time
84%
tongue
84%
touch
84%
want
84%
will
84%
next
83%
We
83%
we
83%
it's
81%
It's
81%
killer
80%
know
80%
pushed
80%
birthday
79%
crying
79%
saw
79%
understand
79%
dead
78%
never
78%
about
77%
cried
77%
doesn't
77%
John
77%
Lennon
77%
started
77%
that
77%
baby
76%
died
76%
life
76%
sad
76%
seen
76%
singing
76%
Until
76%
am
75%
big
75%
his
75%
I've
75%
little
75%
smiling
75%
then
75%
fought
74%
hate
74%
Heaven
74%
is
74%
Remember
74%
Tears
74%
went
73%
bed
72%
upset
72%
I'm
71%
say
71%
dreaming
70%
something
68%
supposed
67%
there's
65%
nautical
62%
themed
62%

Score Distribution

Percentile by Number Answered

Percent of People with Each Score

Your Score History

You have not taken this quiz